Obras escogidas de J. E. Hartzenbusch. (Record no. 155128)

MARC details
000 -LEADER
campo de control de longitud fija 00805nam a22002055i 4500
001 - NÚMERO DE CONTROL
campo de control 155128
003 - IDENTIFICADOR DE NÚMERO DE CONTROL
campo de control ES-MaACL
005 - FECHA Y HORA DE LA ÚLTIMA TRANSACCIÓN
campo de control 20231228063234.0
008 - DATOS DE LONGITUD FIJA--INFORMACIÓN GENERAL
campo de control de longitud fija 981111s1876 sp |||| | spa d
040 ## - FUENTE DE CATALOGACIÓN
Centro catalogador/agencia de origen AS
Lengua de catalogación spa
Centro/agencia transcriptor AS
100 1# - ENTRADA PRINCIPAL--NOMBRE DE PERSONA
Nombre de persona Hartzenbusch, Juan Eugenio,
Fechas asociadas al nombre 1806-1880
9 (RLIN) 62011
245 10 - MENCIÓN DEL TÍTULO
Título Obras escogidas de J. E. Hartzenbusch.
250 ## - MENCION DE EDICION
Mención de edición Ed. que contiene las corr. hechas ultimamente por el autor.
260 ## - PUBLICACIÓN, DISTRIBUCIÓN, ETC.
Lugar de publicación, distribución, etc. Paris :
Nombre del editor, distribuidor, etc. Lib. Europea de Bandry :
-- M\pme\s Dramard-Bandry, Suc.,
Fecha de publicación, distribución, etc. 1876 (
Fabricante Imp. de Arnons de Rivière y C\pia\s)
300 ## - DESCRIPCIÓN FÍSICA
Extensión XVI, 462 p. ;
Dimensiones 23 cm.
490 1# - MENCIÓN DE SERIE
Mención de serie Colección de los mejores autores españoles ;
Designación de volumen o secuencia 49
830 0# - PUNTO DE ACCESO ADICIONAL DE SERIE-TÍTULO UNIFORME
Título uniforme Colección de los mejores autores españoles ;
Designación de volumen o secuencia 49
9 (RLIN) 186767
852 ## - LOCALIZACIÓN
Ubicación ES-MaACL
Número de control de estantería B-1565
Nota libre -- Enc. hol.
Holdings
Estatus retirado Estado de pérdida Estado de daño No para préstamo Colección Biblioteca de origen Biblioteca actual Ubicación en estantería Fecha de adquisición Total de préstamos Signatura topográfica completa Código de barras Visto por última vez Precio de reemplazo Tipo de ítem Koha
        Libros del s. XIX Biblioteca del Ateneo de Madrid Biblioteca del Ateneo de Madrid Sala Pardo Bazán 17/01/2008   B-1565 1162271 23/02/2023 23/02/2023 Libro impreso antiguo